00611nam a2200193 a 4500001001000000005001700010008004100027050002100068100003600089245009500125260002700220300002800247500003400275500000800309650003000317650003100347700001800378700002100396BRCA_269820190320203929.0021208s1956----nyua---###---#000-0#eng-# 4aDD247b.S33 19561 aSchellenberg, Walterd1910-195210aThe labyrinthbmemoirscWalter Schellenberg ; Introd. by Alan Bullock; tr. by Louis Hagen. aNew YorkbHarperc1956 axx, 423 p.bil.c22 cm. aIncluye índice alfabético aAA414aGuerra Mundialy1939-194514aServicio secretozAlemania1 aBullock, Alan1 aHagen, Louisetr